IX Reunión anual : bajo la Presidencia de Honor del Excmo. Sr. Ministro de Educación Nacional, D. Manuel Lora Tamayo : 14-17 Mayo : programa / Sociedad Española de Psicología bajo la Presidencia de Honor del Excmo. Sr. Ministro de Educación Nacional, D. Manuel Lora Tamayo :
Descripción Física:
14 p. : map. ; 22 cm
MARC
| LEADER | 00000nam a2200000Ia 4500 | ||
|---|---|---|---|
| 001 | 19217 | ||
| 008 | 160829s1964 xx 000 0 cat d | ||
| 080 | |a FU-3-17 | ||
| 100 | |a Sociedad Española de Psicología (9a : 1964 : Barcelona) |9 45331 | ||
| 245 | |a IX Reunión anual : |b bajo la Presidencia de Honor del Excmo. Sr. Ministro de Educación Nacional, D. Manuel Lora Tamayo : |b 14-17 Mayo : |b programa / Sociedad Española de Psicología | ||
| 260 | |a Barcelona : |b [s.n.], |c 1964 | ||
| 300 | |a 14 p. : |b map. ; |c 22 cm | ||
| 650 | |a Sociedad Española de Psicología |x Congressos |9 45332 | ||
| 901 | |a Arxiu | ||
| 942 | |n 1 | ||
| 952 | |0 0 |1 0 |4 0 |6 FU317 |7 1 |9 52510 |a Arxiu |b Arxiu |d 2016-12-01 |l 0 |o FU-3-17 |p 19217 |r 2016-12-01 00:00:00 |w 2016-12-01 |y ARXIU | ||
| 999 | |c 56358 |d 56358 | ||